00557nam a2200145Ia 4500008004100000024005600041082001700097100006000114245002600174260002500200600002100225650003800246952011000284999001700394250506s9999 xx 000 0 und d a15B-014-BS, 15B-052-BS, 15B-027-BS & 15B-016-BS a005.1072 MAH aMaham Shakeel, Anosha Aslam, Sidra Ahmed & Mishal Saima 0aNUTRITECH (CODE BOOK) aKarachi:bUIT,c2015 aComputer Science aBachelor of Computer Science (BS) 001040708PR-CSaUITUbUITUd2022-07-26l0o005.1072 MAHpBS-519-Ar2025-05-06 11:34:34w2025-05-06yPR c28680d28680